000 00560nam a22001817a 4500
005 20180417172418.0
010 _aENG-122759
020 _a9789382482079
_c695.00
035 _aEN-106291
037 _bDBAD/PUB
082 _a863.1092
100 _aDubey, A.K.
245 _aRabindranath Tagore /
_cby A.K. Dubey
260 _aDelhi
_bGaurav Book Distributors
_c2017
270 _aHouse No. 45, Ground Floor, Shivaji Marg, Gali No. 5, kartar Nagar,
_bDelhi
_e110053
300 _a208p.
_c21cm.(Hb)
_bill.
942 _2ddc
_cEN
_mDUB
_h863.1092
999 _c151331
_d151331